[Event "Eu Team Ch (women)"]
[Site "Batumi GEO"]
[Date "1999.11.30"]
[Round "2"]
[White "Misanovic,V"]
[Black "Peptan,C"]
[Result "1/2-1/2"]
[WhiteElo "2384"]
[BlackElo "2419"]

1.d4 Nf6 2.c4 e6 3.Nf3 b6 4.Nc3 Bb4 5.Bg5 h6 6.Bd2 Bb7 7.e3 O-O 8.Bd3 c5
9.a3 Bxc3 10.Bxc3 d6 11.O-O Nbd7 12.Rc1 Rc8 13.Qe2 cxd4 14.exd4 d5 15.b3 Re8
16.a4 dxc4 17.bxc4 Qc7 18.a5 Nh5 19.axb6 axb6 20.Bd2 e5 21.Bb1 exd4 22.Qd3 Be4
23.Qxd4 Bxf3 24.gxf3 Ne5 25.Qe4 Nf6 26.Qf5 Qd7 27.Be3 Rxc4 28.Qxd7 Nfxd7
29.f4 Rxc1 30.Rxc1 Ng4 31.Bd4 Ngf6 32.Bf5 g6 33.Bd3 Rd8 34.Rc6 Ne8 35.Bc4 Nb8
36.Rxb6 Rxd4 37.Rxb8 Rxc4 38.Rxe8+ Kg7 39.f5 g5 40.Re5 Kf6 41.Ra5 h5 42.Kg2 Rf4
43.h3 Rxf5 44.Ra6+ Kg7 45.Kg3 Rf4 46.Rb6 f6 47.Ra6 Kg6 48.Ra5 Rb4 49.Rc5 Re4
50.Ra5 Re5 51.Ra4 Rb5 52.Ra3 Kf5 53.Rf3+ Ke6 54.Re3+ Re5 55.Ra3 h4+ 56.Kg2 Kf5
57.Kf3 Kg6  1/2-1/2

[Event "Open"]
[Site "Las Palmas ESP"]
[Date "1999.12.03"]
[Round "3"]
[White "Roeder,M"]
[Black "Stefansson,H"]
[Result "1-0"]
[WhiteElo "2426"]
[BlackElo "2584"]

1.d4 Nf6 2.c4 e6 3.Nf3 b6 4.Nc3 Bb4 5.Bg5 Bb7 6.e3 h6 7.Bh4 Bxc3+ 8.bxc3 Qe7
9.Nd2 g5 10.Bg3 d6 11.c5 dxc5 12.Bb5+ Kf8 13.O-O h5 14.e4 Bxe4 15.Nxe4 Nxe4
16.Be5 Rg8 17.Qxh5 f6 18.Qf3 f5 19.Rae1 g4 20.Qf4 Rg5 21.Bxc7 Kf7 22.d5 Kg6
23.Bd3 Qf6 24.Be5 Qd8 25.c4 Kh5 26.Bc2 Qd7 27.Bf6 Rg6 28.dxe6  1-0

[Event "FSIMB December"]
[Site "Budapest HUN"]
[Date "1999.12.04"]
[Round "1"]
[White "Weglarz,L"]
[Black "Vadasz,L"]
[Result "1/2-1/2"]
[WhiteElo "2400"]
[BlackElo "2275"]

1.d4 Nf6 2.c4 e6 3.Nf3 b6 4.Nc3 Bb4 5.Bd2 Bb7 6.e3 O-O 7.Be2 d6 8.O-O Nbd7
9.Qc2 Bxc3 10.Bxc3 Ne4 11.Nd2 Nxd2  1/2-1/2

[Event "Eu Team Ch"]
[Site "Batumi GEO"]
[Date "1999.12.05"]
[Round "6"]
[White "Ivanisevic,I"]
[Black "Kashashvili,A"]
[Result "1-0"]
[WhiteElo "2447"]
[BlackElo "2416"]

1.d4 Nf6 2.c4 e6 3.Nf3 b6 4.Nc3 Bb7 5.a3 d5 6.Qa4+ c6 7.cxd5 exd5 8.Bg5 Be7
9.e3 Nbd7 10.Bd3 O-O 11.O-O Re8 12.Rad1 a5 13.Bf5 g6 14.Bh3 b5 15.Qc2 a4
16.Ne5 Nxe5 17.dxe5 Nh5 18.Bh6 Bf8 19.Bxf8 Rxf8 20.Ne4 Rb8 21.f4 Qb6 22.Nc5 Rfe8
23.Qc3 Qc7 24.Nd7 Ra8 25.Rxd5 Bc8 26.Rd6 Ra6 27.Rfd1 Qa7 28.e6 c5 29.exf7+ Kxf7
30.Ne5+ Kg8 31.Bxc8 Rxd6 32.Rxd6 Rxc8 33.Rd7 Qb6 34.Ng4  1-0

[Event "FSGM December"]
[Site "Budapest HUN"]
[Date "1999.12.06"]
[Round "3"]
[White "Lukacs,P"]
[Black "Yu Shaoteng"]
[Result "1-0"]
[WhiteElo "2475"]
[BlackElo "2435"]

1.d4 e6 2.c4 Nf6 3.Nf3 b6 4.Nc3 Bb4 5.Qb3 c5 6.Bg5 Bb7 7.Rd1 O-O 8.e3 Bxc3+
9.bxc3 Qe7 10.Bd3 d6 11.O-O Nbd7 12.Qc2 h6 13.Bh4 Rac8 14.Nd2 g5 15.Bg3 Nh5
16.f4 Nxg3 17.hxg3 Nf6 18.Nf3 g4 19.Nd2 h5 20.Nb3 h4 21.Qe2 hxg3 22.e4 Kh8
23.f5 e5 24.Qe3 Rg8 25.Qh6+ Nh7 26.f6 Qf8 27.Qh4 Rg5 28.dxc5 dxc5 29.Bc2 Bc6
30.Nc1 Rd8 31.Rd5 Bxd5 32.exd5 e4 33.Bxe4 Qg8 34.Ne2 Re8 35.Nxg3 Rxe4 36.Nxe4 Re5
37.Rf4 Qg6 38.Qxg4 Nf8 39.Qh3+ Rh5 40.Rh4 Rxh4 41.Qxh4+ Kg8 42.Qf4 Nd7 43.g4 Qh7
44.Kg2 Qh4 45.Qf5 Nf8 46.Ng3 Qh6 47.Ne4 Qe3 48.Qg5+ Qxg5 49.Nxg5 Nd7 50.Ne4 Ne5
51.Kg3 Nxc4 52.Kf4 Kf8 53.g5 Ke8 54.Nf2 b5 55.Nd3 Nb6 56.Ke4 Na4 57.Ke5 c4
58.Nf4 Nc5 59.Kd4 Nb7 60.Nh5 Nd6  1-0

[Event "Eu Team Ch"]
[Site "Batumi GEO"]
[Date "1999.12.07"]
[Round "9"]
[White "Avrukh,B"]
[Black "Delchev,A"]
[Result "0-1"]
[WhiteElo "2588"]
[BlackElo "2521"]

1.d4 Nf6 2.c4 e6 3.Nf3 b6 4.Nc3 Bb7 5.a3 d5 6.cxd5 Nxd5 7.e3 g6 8.Bb5+ c6
9.Bd3 Bg7 10.h4 O-O 11.h5 c5 12.hxg6 hxg6 13.e4 Nxc3 14.bxc3 Qc8 15.Qd2 Ba6
16.Bb2 Bxd3 17.Qxd3 Qa6 18.Qe3 Rc8 19.d5 exd5 20.exd5 Nd7 21.O-O-O Re8 22.Qf4 b5
23.d6 Qa4 24.Qxa4 bxa4 25.Rh4 Nb6 26.c4 Bxb2+ 27.Kxb2 Rab8 28.Kc1 Nd7 29.Rdh1 Nf8
30.Nd2 Kg7 31.Ne4 Re5 32.Nc3 Rd8 33.Rd1 Ne6 34.Re4 Rf5 35.Nxa4 Rxf2 36.Rxe6 fxe6
37.Nxc5 Kf7 38.Nb7 Rd7 39.Nc5 Rd8 40.Nd3 Rf5 41.g4 Rg5 42.c5 Rd5 43.Kc2 e5
44.Rf1+ Kg7 45.Re1 Kf6 46.Rf1+ Kg5 47.Kc3 Rc8 48.Re1 Rcxc5+ 49.Nxc5 Rxc5+
50.Kb4 Rd5 51.Re4 Kf6 52.a4 Ke6 53.Kc3 Rxd6 54.Kc4 Rd5 55.Kc3 Rc5+ 56.Kb4 Kd6
57.a5 a6 58.Re1 Rb5+ 59.Ka4 Rd5 60.Rb1 Rd4+ 61.Ka3 Ke7 62.Rb7+ Rd7 63.Rb6 Rd6
64.Kb4 e4 65.Rb7+ Ke6 66.Kc5 Rd5+ 67.Kc4 Rxa5 68.Rb6+ Ke5 69.Rxg6 Kf4 70.Rf6+ Ke3
71.Rf5 Rb5 72.Rf6 Rg5 73.Rxa6 Rxg4 74.Ra3+ Kf2 75.Rh3 Rg3 76.Rh2+ Ke3 77.Kc3 Rg8
78.Rh3+ Kf2 79.Kd4 e3 80.Rh2+ Kg3 81.Rh1 Re8 82.Kd3 e2 83.Kd2 Kg2  0-1

[Event "FSGM December"]
[Site "Budapest HUN"]
[Date "1999.12.08"]
[Round "5"]
[White "Lipinsky,F"]
[Black "Yu Shaoteng"]
[Result "0-1"]
[WhiteElo "2331"]
[BlackElo "2435"]

1.d4 e6 2.c4 Nf6 3.Nf3 b6 4.Nc3 Bb4 5.Qb3 c5 6.a3 Ba5 7.Bg5 Bb7 8.e3 O-O
9.Rd1 Bxc3+ 10.bxc3 Qe7 11.Be2 d6 12.O-O Nbd7 13.Nd2 h6 14.Bh4 e5 15.Rde1 g5
16.Bg3 Ne8 17.e4 Ng7 18.d5 Nf6 19.Qd1 Bc8 20.h3 Bd7 21.Bh2 Kh8 22.h4 gxh4
23.f4 Nge8 24.Nf3 Ng4 25.Qd2 Rd8 26.fxe5 dxe5 27.Nxe5 Nxe5 28.Qxh6+ Kg8 29.d6 Nxd6
30.Rf6 Nxe4 31.Ref1 Nxf6 32.Rxf6 Ng6 33.Qg5 Qe4 34.Bf3 Qe1+  0-1

[Event "FSIMB December"]
[Site "Budapest HUN"]
[Date "1999.12.10"]
[Round "7"]
[White "Eperjesi,L"]
[Black "Balogh,C"]
[Result "0-1"]
[WhiteElo "2381"]
[BlackElo "2235"]

1.d4 Nf6 2.Nf3 e6 3.c4 b6 4.Nc3 Bb4 5.g3 Bb7 6.Bg2 O-O 7.O-O Bxc3 8.bxc3 d6
9.Re1 Nbd7 10.a4 a5 11.Bf1 e5 12.Nd2 Re8 13.Qc2 c5 14.d5 e4 15.Bg2 Qe7 16.Nb1 Ba6
17.Na3 Ne5 18.Qb3 Neg4 19.Nc2 Ne5 20.Na3 Neg4 21.Rf1 e3 22.f3 Ne5 23.f4 Neg4
24.Nc2 Ne4 25.Bf3 Nef2 26.Kg2 Qd7 27.Nxe3 Nxe3+ 28.Bxe3 Qh3+ 29.Kxf2 Qxh2+
30.Bg2 Rxe3 31.Kxe3 Qxg2 32.Kd2 Re8 33.Rae1 Qe4 34.Rf3 Bxc4 35.Qxb6 Bxe2
36.Qb5 Bxb5 37.Rxe4 Rxe4 38.axb5 Re8 39.Kd3 Kf8 40.Kc4 Re4+ 41.Kb3 Ke7 42.c4 Kd7
43.Ka4 Rxc4+ 44.Kxa5 Rd4 45.Kb6 Rxd5 46.Ra3 c4 47.Rc3 Rc5 48.Ka6 d5 49.b6 Kc6  0-1

[Event "Cairnhill Open"]
[Site "Singapore SIN"]
[Date "1999.12.12"]
[Round "6"]
[White "Tirto"]
[Black "Koh Kum Hong"]
[Result "1-0"]
[WhiteElo "2100"]
[BlackElo "2287"]

1.d4 Nf6 2.c4 e6 3.Nf3 b6 4.Nc3 Bb7 5.a3 d5 6.Bg5 Be7 7.Qa4+ Bc6 8.Qb3 O-O
9.Bxf6 Bxf6 10.cxd5 exd5 11.e3 Bb7 12.Bd3 c6 13.O-O Nd7 14.e4 dxe4 15.Bxe4 Rc8
16.Rfe1 g6 17.Rad1 Qc7 18.h4 Qf4 19.g3 Qb8 20.h5 Kg7 21.Kg2 c5 22.Bxb7 Qxb7
23.Ne4 c4 24.Qe3 Qd5 25.Qf4 h6 26.Nxf6 Nxf6 27.Re5 Qb7 28.hxg6 fxg6 29.d5 Rce8
30.Qxc4 Rxe5 31.Nxe5 Rd8 32.Qc2  1-0

[Event "Vikings GMB"]
[Site "York ENG"]
[Date "1999.12.14"]
[Round "2"]
[White "Quinn,M"]
[Black "Arkell,K"]
[Result "1/2-1/2"]
[WhiteElo "2377"]
[BlackElo "2462"]

1.d4 e6 2.Nf3 Nf6 3.c4 b6 4.Nc3 Bb4 5.Bg5 Bb7 6.e3 c5 7.Bd3 h6 8.Bh4 cxd4
9.exd4 Bxf3 10.Qxf3 Nc6 11.Qe3 Be7 12.O-O Nb4 13.Bxf6 Bxf6 14.Ne4 O-O 15.a3 Nxd3
16.Qxd3 Be7 17.d5 f5 18.Nc3 Bf6 19.Rfe1 Rc8 20.Rac1 Re8 21.b4 a6 22.g3 Qc7
23.Ne2 Bg5 24.d6 Qb8 25.Rc2 Rc6 26.Rd1 Rec8 27.h3 Bf6 28.f4 g6 29.g4 Bg7
30.gxf5 gxf5 31.Kh2 Kh8 32.Ng3 Rg8 33.Nh5 Qe8 34.Nxg7 Rxg7 35.Rg1 Rxg1 36.Kxg1 Qg6+
37.Rg2 Qf6 38.Qg3 Rc8 39.c5 bxc5 40.bxc5 Kh7 41.Kh2 Re8 42.Kh1 Kh8 43.Qf3 Rb8
44.c6 dxc6 45.Qxc6 Qd4 46.Rg1 Rd8 47.Qxa6 Qxf4 48.Qb7 Qe5 49.Rg6 Qe1+ 50.Kh2 Qd2+
51.Kh1 Qe1+ 52.Kh2 Qd2+  1/2-1/2

[Event "ch-RUS KO"]
[Site "Moscow RUS"]
[Date "1999.12.16"]
[Round "1.2"]
[White "Ionov,S"]
[Black "Shaposhnikov,E"]
[Result "1-0"]
[WhiteElo "2553"]
[BlackElo "2494"]

1.d4 Nf6 2.c4 e6 3.Nf3 b6 4.Nc3 Bb4 5.Qb3 a5 6.Bg5 Bb7 7.e3 Qe7 8.Bd3 a4
9.Qc2 h6 10.Bh4 d6 11.O-O Bxc3 12.bxc3 e5 13.Bxf6 Qxf6 14.Be4 Bxe4 15.Qxe4 Ra5
16.Qb7 Qd8 17.dxe5 dxe5 18.Rad1 Nd7 19.Rd5 Rxd5 20.Qxd5 Nc5 21.Qxe5+ Ne6
22.Qb5+ Qd7 23.Rd1 Qxb5 24.cxb5 Ke7 25.Ne5 Nc5 26.a3 Ke6 27.Nc6 Ne4 28.c4 Nd6
29.Rc1 Nb7 30.Kf1 f5 31.Ke2 Re8 32.Rd1 Nd6 33.Rd4 Kd7 34.Kd3 Re6 35.Rd5 Kc8
36.f3 g5 37.Nd4 Rf6 38.Re5 Kd7 39.Nc6 Rf7 40.Nb8+ Kc8 41.Nc6 Kd7 42.Rd5 Rg7
43.Kc3 Ke6 44.Kb4 Kf6 45.c5 bxc5+ 46.Rxc5 g4 47.f4 g3 48.h3 Ne4 49.Re5 Nf2
50.Kxa4 Nxh3 51.Nd4 Nf2 52.Re6+ Kf7 53.Rxh6 Ne4 54.Nxf5 Rg8 55.Rc6 Re8 56.Kb4 Nf2
57.Rxc7+ Kf6 58.Nxg3 Rxe3 59.Rc6+ Kf7 60.Nf5 Re1 61.b6 Nd3+ 62.Ka5 Rb1 63.b7  1-0

[Event "ch-RUS KO"]
[Site "Moscow RUS"]
[Date "1999.12.16"]
[Round "1.3"]
[White "Bezgodov,A"]
[Black "Kalygin,S"]
[Result "1-0"]
[WhiteElo "2576"]
[BlackElo "2511"]

1.d4 Nf6 2.c4 e6 3.Nf3 b6 4.Nc3 Bb7 5.Bg5 d5 6.e3 Be7 7.Bxf6 Bxf6 8.cxd5 exd5
9.Bb5+ c6 10.Bd3 O-O 11.O-O Re8 12.b4 Nd7 13.a4 a5 14.bxa5 Rxa5 15.Rb1 g6
16.Nd2 Qc7 17.Qc2 Qd6 18.Rfc1 Bg7 19.Nb3 Ra7 20.a5 Ba6 21.Bxa6 Rxa6 22.axb6 Rxb6
23.Na4 Ra6 24.Nbc5 Nxc5 25.Nxc5 Ra7 26.Nb7 Qa3 27.Qxc6 Rb8 28.Nc5 Rd8 29.g3 Bh6
30.Qf6 Re8 31.Re1 Rae7 32.Qf3 Qa8 33.Nd3 Bg7 34.Rec1 Qa3 35.Rd1 Re4 36.Kg2 Qa2
37.Nb4 Qa8 38.Rdc1 Bf8 39.Nd3 Bd6 40.Rc3 Qa2 41.Rb2 Qa6 42.Rbc2 Qb5 43.Rb2 Qa6
44.Rcb3 Qc4 45.Qd1 Kg7 46.Qc2 Bf8 47.Ne5 Qxc2 48.Rxc2 R4xe5 49.dxe5 Rxe5
50.Rb7 Be7 51.Rcc7 Kf6 52.Kf3 Re6 53.Ra7 h5 54.h3 Re5 55.g4 hxg4+ 56.hxg4 g5
57.Ra6+ Kg7 58.Rd7 Bf6 59.Raa7 Bd8 60.Rxd8  1-0

[Event "ch-RUS KO"]
[Site "Moscow RUS"]
[Date "1999.12.16"]
[Round "1.2"]
[White "Akselrod,V"]
[Black "Aseev,K"]
[Result "0-1"]
[WhiteElo "2432"]
[BlackElo "2533"]

1.d4 Nf6 2.Nf3 e6 3.c4 b6 4.Nc3 Bb7 5.a3 Ne4 6.d5 Nxc3 7.bxc3 d6 8.e4 e5
9.c5 bxc5 10.Rb1 Bc8 11.Qa4+ Bd7 12.Qb3 Qc8 13.Bc4 Be7 14.O-O O-O 15.Ne1 Be8
16.f4 Nd7 17.Bb5 Rb8 18.Qc2 Rb6 19.Bxd7 Bxd7 20.fxe5 Ba4 21.Qxa4 Rxb1 22.exd6 Bxd6
23.Nd3 Qe8 24.Qc2 Rb8 25.Nf2 Qd7 26.Qe2 Rbe8 27.g4 f5 28.gxf5 Qxf5 29.Re1 Bxh2+
30.Kg2 Qf7 31.Ng4 Bd6 32.Rh1 Qg6 33.Rh4 Rxe4 34.Be3 h5 35.Kh3 Rxg4  0-1

[Event "Vikings GM"]
[Site "York ENG"]
[Date "1999.12.18"]
[Round "6"]
[White "Hillarp Persson,T"]
[Black "Rowson,J"]
[Result "0-1"]
[WhiteElo "2507"]
[BlackElo "2490"]

1.d4 Nf6 2.c4 e6 3.Nf3 b6 4.Nc3 Bb4 5.Bg5 h6 6.Bh4 g5 7.Bg3 Ne4 8.Qc2 Bb7
9.Be5 Bxc3+ 10.bxc3 Rg8 11.Nd2 f5 12.Nxe4 Bxe4 13.Qd2 d6 14.Bg3 Bb7 15.e3 Nd7
16.f3 Qe7 17.a4 h5 18.h3 h4 19.Bf2 a5 20.Bd3 O-O-O 21.O-O-O Kb8 22.Kb2 Ka7
23.Qc2 Ba6 24.Rde1 c5 25.Qb3 Rc8 26.Be2 Rc7 27.Rd1 cxd4 28.cxd4 Rgc8 29.Rc1 d5
30.Rc3 Bxc4 31.Bxc4 Rxc4 32.Rhc1 Qb4 33.Rxc4 dxc4 34.Qxb4 axb4 35.Be1 b3
36.f4 gxf4 37.exf4 b5 38.axb5 Kb6 39.Bxh4 Kxb5 40.Be1 Nb6  0-1

[Event "Aviles op"]
[Site "Aviles"]
[Date "1999.??.??"]
[Round "5"]
[White "Szeberenyi, Adam"]
[Black "Werle, Jan"]
[Result "1-0"]
[WhiteElo "2287"]
[BlackElo "2205"]

1.d4 Nf6 2.c4 e6 3.Nf3 b6 4.Nc3 Bb7 5.a3 d5 6.cxd5 Nxd5 7.Qc2 Nxc3 8.bxc3 Be7
9.e4 O-O 10.Bd3 c5 11.O-O Qc8 12.Qa2 cxd4 13.cxd4 Ba6 14.Bxa6 Nxa6 15.Qe2 Rd8
16.Bb2 Qb7 17.Rad1 Bf6 18.Rfe1 Rac8 19.h4 Nb8 20.h5 Qa6 21.Rd3 Qb5 22.h6 g6
23.Red1 Nc6 24.d5 Qxb2 25.Qxb2 Bxb2 26.dxc6 Rf8 27.Rb3 Bf6 28.e5 Be7 29.Rd7 Bc5
30.c7 Rfe8 31.Rbd3 Bf8 32.Rd8 Be7 33.Rxe8+ Rxe8 34.Rd7 Kf8 35.Nd4  1-0

[Event "Regionalliga SO9899"]
[Site "Bayern"]
[Date "1999.??.??"]
[Round "?"]
[White "Kell, Stefan"]
[Black "Putz, Ernst"]
[Result "1-0"]
[WhiteElo "1985"]
[BlackElo "1695"]

1.d4 Nf6 2.Nf3 e6 3.c4 b6 4.Nc3 Bb4 5.Bd2 Bb7 6.e3 O-O 7.Bd3 c5 8.Qc2 d5
9.cxd5 cxd4 10.Nxd4 Bxd5 11.a3 Bxc3 12.Bxc3 Nbd7 13.b4 Rc8 14.O-O Ne5 15.Ba6 Bc4
16.Bxc8 Bxf1 17.Rxf1 Qxc8 18.Rc1 Qb8 19.Bb2 b5 20.Nc6 Nxc6 21.Qxc6 Nd5 22.g3 Ne7
23.Qc5 Qb7 24.Qe5 f6 25.Qxe6+ Kh8 26.Rd1 Qf3 27.Rd7 Ng6 28.Rc7 h5 29.Qd7 Rg8
30.Rc5 h4 31.Qxb5 Rd8 32.Rh5+ Kg8 33.Qc4+ Kf8 34.Qc5+ Kg8 35.Bd4 Ne5 36.Rxe5 fxe5
37.Qxe5 Qf7 38.Kg2 Rf8 39.f4 hxg3 40.hxg3 Re8 41.Qa5 Qa2+ 42.Kf3 Qc2 43.Qd5+ Kh8
44.Qh5+  1-0

[Event "Landesliga Nord 9899"]
[Site "Bayern"]
[Date "1999.??.??"]
[Round "?"]
[White "Hirn, Erwin"]
[Black "Wiemer, Peter"]
[Result "1-0"]
[WhiteElo "1990"]
[BlackElo "2170"]

1.d4 Nf6 2.c4 e6 3.Nf3 b6 4.Nc3 Bb7 5.Bg5 Bb4 6.a3 Bxc3+ 7.bxc3 h6 8.Bh4 g5
9.Bg3 Ne4 10.Qc2 d6 11.Nd2 f5 12.e3 Qf6 13.f3 Nxd2 14.Qxd2 Nd7 15.Bd3 e5
16.Qc2 f4 17.Bf2 O-O 18.O-O-O Rae8 19.Rde1 fxe3 20.Bxe3 c5 21.d5 b5 22.h4 bxc4
23.Bh7+ Kg7 24.hxg5 hxg5 25.Rh5 Rh8 26.Rxg5+ Kf7 27.Rf5 Rxh7 28.Bg5 Qxf5
29.Qxf5+ Kg8 30.Qg6+  1-0

[Event "Landesliga Nord 9899"]
[Site "Bayern"]
[Date "1999.??.??"]
[Round "?"]
[White "Hirn, Erwin"]
[Black "Mueller, Christian2"]
[Result "1/2-1/2"]
[WhiteElo "1990"]
[BlackElo "1930"]

1.d4 Nf6 2.c4 e6 3.Nf3 b6 4.Nc3 Bb7 5.Bg5 Bb4 6.a3 Bxc3+ 7.bxc3 h6 8.Bh4 g5
9.Bg3 Ne4 10.Qc2 d6 11.Nd2 f5 12.f3 Nxg3 13.hxg3 Qf6 14.e4 f4 15.g4 Nd7 16.Bd3 e5
17.Nb3  1/2-1/2

[Event "Berlin"]
[Site "Berlin"]
[Date "1999.??.??"]
[Round "6"]
[White "Muse, Mladen"]
[Black "Slobodjan, Roman"]
[Result "1/2-1/2"]
[WhiteElo "2470"]
[BlackElo "2550"]

1.d4 Nf6 2.c4 e6 3.Nf3 b6 4.Nc3 Bb4 5.Bg5 h6 6.Bh4 Bxc3+ 7.bxc3 Qe7 8.Nd2 Bb7
9.a4 Nc6 10.e3 Na5 11.f3 e5 12.Bf2 d6 13.Be2 Nd7 14.Nb3 Nxb3 15.Qxb3 a5 16.e4 O-O
17.O-O Ba6 18.Rfe1 Rfb8 19.Qa2 Kh8 20.Qd2 Qe6 21.f4 exf4 22.Qxf4 Re8 23.Bg4 Qe7
24.Re3 Nf8 25.Rh3 Ng6 26.Qd2 Qxe4 27.Bf3 Qf4 28.Be3 Rxe3 29.Bxa8 Rxh3 30.Qxf4 Nxf4
31.gxh3 Bxc4 32.Re1 Nxh3+ 33.Kg2 Nf4+ 34.Kf3 Nd5 35.Kf2 g5 36.Bxd5 Bxd5 37.Re7 c6
38.Rb7 Bb3 39.Rxb6 Bxa4 40.c4 Kg7 41.Ra6 Kf8 42.Ke3 Ke7 43.Kd2 d5 44.cxd5 cxd5
45.Rxa5 Bb3 46.Ra3 Bc4 47.Rh3 Bf1 48.Rxh6 Bg2 49.Ke3 Be4 50.h4 gxh4 51.Kf4 f6
52.Rxh4 Kf7 53.Rh3 Kg6 54.Rg3+ Kf7 55.Kg4 Kg6 56.Rg1 Bd3 57.Rg2 Be4 58.Rg3 Bb1
59.Kf4+ Kf7 60.Rg1 Be4 61.Ke3 Ke6 62.Rf1 Kf7 63.Kd2 Kg6 64.Kc3 Kg5 65.Kb4 f5
66.Kc3 f4 67.Kd2 Kg4 68.Rg1+ Kf3 69.Rg8 Kf2 70.Rf8 Kf3  1/2-1/2

[Event "Bled opB"]
[Site "Bled"]
[Date "1999.??.??"]
[Round "?"]
[White "Trtanj, Tina"]
[Black "Gruskovnjak, Tomislav"]
[Result "0-1"]
[WhiteElo "2074"]
[BlackElo "2222"]

1.d4 Nf6 2.c4 e6 3.Nf3 b6 4.Nc3 Bb7 5.Bg5 Bb4 6.e3 Bxc3+ 7.bxc3 h6 8.Bh4 d6
9.Qa4+ Qd7 10.Qc2 Ne4 11.Rd1 f5 12.Nd2 Qf7 13.Be2 g5 14.Bg3 Nxd2 15.Qxd2 Bxg2
16.Rg1 Bb7 17.c5 Qe7 18.cxd6 cxd6 19.c4 d5 20.Bh5+ Kd8 21.c5 Nd7 22.Bd6 Qf6
23.Rc1 Rc8 24.cxb6 Nxb6 25.Rxc8+ Bxc8 26.Be5 Qf8 27.Bxh8 Qxh8 28.Qa5 Qg7
29.Be2 Qc7 30.Qc5 Qxh2 31.Rf1 g4 32.Qf8+ Kc7 33.Qe7+ Kb8 34.Qd8 Kb7 35.a4 a5
36.Qe7+ Qc7 37.Qxc7+ Kxc7 38.Bb5 Bd7 39.Ke2 Nxa4 40.Bxd7 Kxd7 41.Ra1 Nc3+
42.Ke1 h5 43.Rxa5 h4 44.Ra7+ Kd6 45.Rh7 g3 46.f3 Nd1 47.Kf1 Nxe3+ 48.Kg1 Nc2
49.Rxh4 Ne1 50.Rf4 Ke7 51.Kf1 g2+ 52.Kg1 Kf6  0-1

[Event "CZE-chT 9899"]
[Site "CZE"]
[Date "1999.??.??"]
[Round "6"]
[White "Trichkov, Vasil"]
[Black "Hajek, Michal"]
[Result "1/2-1/2"]
[WhiteElo "2350"]
[BlackElo "2310"]

1.d4 Nf6 2.Nf3 b6 3.c4 e6 4.Nc3 Bb4 5.Qb3 c5 6.a3 Bxc3+ 7.Qxc3 Qc7 8.dxc5 bxc5
9.Bg5 Ke7 10.e3 d6 11.Be2 Nd7 12.O-O Bb7 13.Rfd1 h6 14.Bf4 Ne4 15.Qc2 g5
16.Bg3 Nxg3 17.hxg3 g4 18.Nh4 Ne5 19.b4 Rag8 20.Rd2 Ng6 21.Rad1 Nxh4 22.Rxd6 Nf5
23.Rd7+ Qxd7 24.Rxd7+ Kxd7 25.Qa4+ Kc7 26.Qxa7 cxb4 27.axb4 Ra8 28.Qc5+ Kd7
29.Bxg4 Rhc8 30.Qb5+ Bc6 31.Qe5 Nd6 32.Be2 Ke7 33.b5 Be8 34.b6 Bc6 35.Qd4 Ra2
36.c5 Nb7 37.Bc4 Ra5 38.Qh4+ Kd7 39.Qd4+ Ke7 40.Qh4+ Ke8 41.Qxh6 Rxc5 42.Qh8+ Kd7
43.Qd4+ Bd5 44.Ba6 Rc1+ 45.Kh2 Ke7 46.g4 Ra8  1/2-1/2

[Event "GER-ch 11th Seniors"]
[Site "Germany"]
[Date "1999.??.??"]
[Round "?"]
[White "Fronczek, Heinrich"]
[Black "Reichenbach, Werner"]
[Result "1/2-1/2"]
[WhiteElo "2295"]
[BlackElo "2280"]

1.d4 Nf6 2.c4 e6 3.Nf3 b6 4.Nc3 Bb7 5.a3 d5 6.Bg5 Be7 7.e3 Nbd7 8.cxd5 Nxd5
9.Bxe7 Qxe7 10.Rc1 Nxc3 11.Rxc3 c6 12.Be2 O-O 13.O-O Rfd8 14.Qc2 c5 15.dxc5 Nxc5
16.b4 Be4 17.Qc1 Nd3 18.Bxd3 Bxd3 19.Rd1 Be4 20.Rxd8+ Qxd8 21.Nd4 h6 22.f3 Bg6
23.Nc6 Qd6 24.e4 Kh7 25.h3 f6 26.Qe3 e5 27.b5 a6 28.Qd3 Qc7 29.a4 axb5 30.axb5 Ra1+
31.Kh2 Rb1 32.Rb3 Rxb3 33.Qxb3 Bf7 34.Qb4 Kg8 35.Ne7+ Kh7 36.Nd5 Qc1 37.h4 h5
38.Kg3 Bxd5 39.exd5 Qd1 40.Qe4+ Kg8 41.Qc4 Kh7 42.Kh2 Qd2 43.Qe4+ Kg8 44.Qg6 Qxd5
45.Qe8+ Kh7 46.Qxh5+ Kg8 47.Qe8+ Kh7 48.Qc6 Qd8 49.h5 Qd4 50.Kh3 Qg1 51.Qe4+ Kh8
52.Qg6 Qh1+ 53.Kg3 Qe1+  1/2-1/2

[Event "Havana Provincial"]
[Site "Havana"]
[Date "1999.??.??"]
[Round "?"]
[White "Rabelo Gil, Eddy"]
[Black "Nunez, Antonio"]
[Result "1-0"]
[WhiteElo "2300"]
[BlackElo "2345"]

1.d4 Nf6 2.c4 e6 3.Nf3 b6 4.Nc3 Bb4 5.Qb3 a5 6.a3 Bxc3+ 7.Qxc3 Bb7 8.g3 d5
9.cxd5 Bxd5 10.Bf4 Na6 11.Bg2 O-O 12.O-O c5 13.dxc5 bxc5 14.Rfd1 Qb6 15.Be5 Ne4
16.Qe3 Qb7 17.Ne1 f6 18.f3 fxe5 19.fxe4 Bb3 20.Rd6 a4 21.Qd2 Qc7 22.Nf3 Rad8
23.Rxd8 Rxd8 24.Qc3 Qd6 25.Rf1 Nc7 26.Nxe5 Qd4+ 27.Qxd4 Rxd4 28.Rf7 Ne8 29.Rd7 Rxd7
30.Nxd7 Nd6 31.Nxc5 Nc4 32.Nd3 Bc2 33.Kf2 Kf7 34.e5 Ke7 35.Be4 h6 36.Ke1 Kd8
37.Bc6 Kc7 38.Bb5 Bb3 39.Bxc4 Bxc4 40.Nc5 Kc6 41.Nxa4  1-0

[Event "Hessen-ch int"]
[Site "Hessen"]
[Date "1999.??.??"]
[Round "8"]
[White "Rothberg, Olaf"]
[Black "Vaerst, Joachim"]
[Result "0-1"]
[WhiteElo "1700"]
[BlackElo "1840"]

1.d4 Nf6 2.Nf3 e6 3.c4 b6 4.Nc3 Bb7 5.Bf4 Bb4 6.a3 Bxc3+ 7.bxc3 O-O 8.e3 d6
9.Bd3 c5 10.O-O Re8 11.Qe2 Be4 12.Rfd1 d5 13.cxd5 Qxd5 14.Bb5 Bxf3 15.gxf3 Rc8
16.Be5 cxd4 17.Bxf6 gxf6 18.Rxd4 Qb3 19.Rad1 Nc6 20.Bxc6 Rxc6 21.Rd8+ Rxd8
22.Rxd8+ Kg7 23.f4 Qb1+ 24.Rd1 Qf5 25.c4 Rxc4 26.Kh1 Qe4+ 27.Kg1 Rc2 28.Qg4+ Qg6
29.Qg3 Qxg3+ 30.hxg3 Ra2 31.Rd3 a5 32.Rb3 a4 33.Rxb6 Rxa3 34.g4 f5 35.g5 Ra1+
36.Kg2 a3 37.Rb7 Kg6 38.Kf3 a2 39.Ra7 f6 40.gxf6 Kxf6 41.Kg2 h5 42.Kh2 h4
43.Kg2 Kg6 44.Kh2 Kh5 45.f3 Rf1 46.Rxa2 Rxf3 47.Re2 Kg4 48.Rg2+ Rg3 49.Re2 Kf3
50.Ra2 Kxe3 51.Ra6 Rg6 52.Ra4 Kf3 53.Kh3 Rg3+ 54.Kh2 Rg2+ 55.Kh3 Re2 56.Kxh4 Re4
57.Ra1 Rxf4+ 58.Kg5 Rg4+ 59.Kf6 Re4 60.Kg5 f4 61.Rf1+ Kg3 62.Rg1+ Kf2 63.Rg4 e5
64.Rh4 Re3 65.Kg4 Kg2 66.Rh8 f3  0-1

[Event "HUN-chT9899"]
[Site "HUN"]
[Date "1999.??.??"]
[Round "?"]
[White "Szabolcsi, Janos"]
[Black "Csonka, Attila"]
[Result "1-0"]
[WhiteElo "2425"]
[BlackElo "2120"]

1.d4 Nf6 2.c4 e6 3.Nf3 b6 4.Nc3 Bb7 5.a3 d5 6.cxd5 exd5 7.g3 c6 8.Bg2 Bd6
9.O-O O-O 10.e4 dxe4 11.Ng5 Nbd7 12.Ngxe4 Nxe4 13.Nxe4 Be7 14.Be3 Nf6 15.Nxf6+ Bxf6
16.Rc1 Qd7 17.Qa4 b5 18.Qb3 Rac8 19.Rc5 a6 20.Qc2 Rfd8 21.Rh5 g6 22.Bh3 Qe7
23.Bxc8 Bxc8 24.Rc5 Bf5 25.Rxf5 gxf5 26.Qxc6 Bxd4 27.Bxd4 Rxd4 28.Qxa6 Qc5
29.Qh6 Qd5 30.Qh5 Kg7 31.Qg5+ Kf8 32.h4 Qe6 33.Rc1 h6 34.Qh5 Rd5 35.Qf3 Rd2
36.Qc3 Rd5 37.Re1  1-0

[Event "HUN-chT9899"]
[Site "HUN"]
[Date "1999.??.??"]
[Round "?"]
[White "Orso, Janos"]
[Black "Nagy, Edmund"]
[Result "0-1"]
[WhiteElo "2250"]
[BlackElo "2350"]

1.d4 Nf6 2.c4 e6 3.Nf3 b6 4.Nc3 Bb7 5.e3 d5 6.cxd5 exd5 7.Bd3 Bd6 8.O-O O-O
9.Nb5 Be7 10.Ne5 c5 11.b3 Nc6 12.Nxc6 Bxc6 13.dxc5 bxc5 14.Bb2 Qb6 15.Nc3 a5
16.Rb1 Qb7 17.Ne2 d4 18.Nf4 Rfd8 19.Re1 g6 20.Qe2 Bd6 21.g3 Bxf4 22.exf4 Bf3
23.Qe5 Qc6 24.Rbc1 Re8 25.Qg5 Bh1 26.Bf1 Ne4 27.Qh6 Nd2 28.Rxe8+ Rxe8 29.Qh3 Bd5
30.Bg2 Bxg2 31.Qxg2 Nf3+ 32.Kh1 Qe4 33.Qf1 d3 34.Rc4 Nd4+ 35.f3 Qe1 36.Qg1 d2
37.Bc3 Qxg1+  0-1

[Event "HUN-chT9899"]
[Site "HUN"]
[Date "1999.??.??"]
[Round "?"]
[White "Dobos, Jozsef"]
[Black "Kozma, Edit"]
[Result "1-0"]
[WhiteElo "2385"]
[BlackElo "2110"]

1.d4 Nf6 2.c4 e6 3.Nf3 b6 4.Nc3 Bb4 5.Bg5 Bb7 6.e3 O-O 7.Qc2 h6 8.Bh4 d5
9.cxd5 exd5 10.Bd3 c5 11.O-O cxd4 12.exd4 Be7 13.Rfe1 Nc6 14.a3 Nh5 15.Bxe7 Nxe7
16.g3 Nf6 17.Ne5 Nc8 18.Rac1 Nd6 19.f3 Rc8 20.Qf2 Rc7 21.Bb1 Re7 22.Qc2 Rfe8
23.Kg2 Re6 24.b3 R8e7 25.Qd3 a6 26.Re3 b5 27.Rce1 Nde8 28.Ne2 g5 29.h4 Kg7
30.hxg5 hxg5 31.Rh1 Rc7 32.Qf5 g4 33.Qg5+ Kf8 34.Rh8+ Ke7 35.Nxg4 Rxe3 36.Qxe3+ Ne4
37.fxe4 dxe4  1-0

[Event "La Bordeta op"]
[Site "La Bordeta"]
[Date "1999.??.??"]
[Round "5"]
[White "Campos Moreno, Javier B"]
[Black "Pogorelov, Ruslan"]
[Result "1/2-1/2"]
[WhiteElo "2480"]
[BlackElo "2485"]

1.d4 Nf6 2.c4 e6 3.Nf3 b6 4.Nc3 Bb4 5.Qb3 Qe7 6.Bg5 Bb7 7.e3 h6 8.Bh4 a5
9.a3 Bxc3+ 10.Qxc3 d6 11.Bd3 Nbd7 12.O-O g5 13.Bg3 Rg8 14.Nd2 h5 15.f3 h4
16.Be1 Nh5 17.b4 f5 18.c5 dxc5 19.bxc5 bxc5 20.Nb3 g4 21.Be2 gxf3 22.Bxf3 Bxf3
23.Rxf3 Qg5 24.Ra2 Nhf6 25.Nxc5 Nd5 26.Qb3 Nxc5 27.dxc5 Qg4 28.Rf4  1/2-1/2

[Event "ISR-ch op"]
[Site "Ramat Aviv"]
[Date "1999.??.??"]
[Round "8"]
[White "Avrukh, Boris"]
[Black "Tsesarsky, Ilya"]
[Result "1-0"]
[WhiteElo "2609"]
[BlackElo "2430"]

1.d4 Nf6 2.c4 e6 3.Nf3 b6 4.Nc3 Bb4 5.Qb3 a5 6.Bg5 h6 7.Bh4 Nc6 8.O-O-O Bxc3
9.Qxc3 Nb4 10.Kb1 g5 11.Nxg5 Nfd5 12.cxd5 hxg5 13.Bg3 Nxd5 14.Qc2 f5 15.e4 Nb4
16.Qxc7 f4 17.Bxf4 gxf4 18.Qxf4 Qh4 19.Qe3 Bb7 20.f3 Qh6 21.Qb3 O-O 22.a3 Nc6
23.d5 Ne5 24.Qxb6 Rab8 25.Qd4 Qg7 26.Be2 exd5 27.exd5 d6 28.f4 Qg6+ 29.Ka1 Nd7
30.Rd3 Nc5 31.Rh3 Bc8 32.Qh8+ Kf7 33.Rh7+ Ke8 34.Bh5 Qxh5 35.Re1+  1-0

[Event "CXG R.Sa mem-B"]
[Site "Rio de Janeiro"]
[Date "1999.??.??"]
[Round "1"]
[White "Ribeiro, Freddie"]
[Black "De Sousa, Marco"]
[Result "0-1"]
[WhiteElo "2000"]
[BlackElo "2165"]

1.d4 e6 2.c4 Nf6 3.Nf3 b6 4.Nc3 Bb7 5.e3 Bb4 6.Bd3 c5 7.O-O Bxc3 8.bxc3 O-O
9.Re1 Ne4 10.Qc2 f5 11.Nd2 Nxf2 12.Kxf2 Qh4+ 13.Ke2 Qg4+ 14.Nf3 Qxg2+ 15.Kd1 Bxf3+
16.Be2 Nc6 17.Bxf3 Qxf3+ 18.Qe2 Qe4 19.Qc2 cxd4 20.cxd4 Nb4 21.Qxe4 fxe4
22.Ba3 a5 23.Rb1 Rf2 24.Bxb4 axb4 25.Rxb4 Raxa2  0-1